00571nam a2200121Ia 4500008004100000245026800041260003600309260000900345300000600354650002600360650001200386856005100398170516s9999 xx 000 0 und d aIntravenous Contrast Medium Administration for Computed Tomography Scan in Emergency: A Possible Cause of Contrast-Induced Nephropathy, Lantam Sonhaye, Bérésa Kolou, Mazamaesso Tchaou, Abdoulatif Amadou, Kouméabalo Assih, Bidamin N’Timon, Kokou Adambounou bRadiology Research and Practice c2017 a: xRadiologic Technology xRadtech uhttps://www.hindawi.com/journals/rrp/contents/